Una aportación a la teoría del ciclo económico / (Registro nro. 12294)

Detalles MARC
000 -LEADER
fixed length control field 01391nam a2200265Ia 4500
003 - CONTROL NUMBER IDENTIFIER
control field OSt
005 - DATE AND TIME OF LATEST TRANSACTION
control field 20210825090802.0
008 - FIXED-LENGTH DATA ELEMENTS--GENERAL INFORMATION
fixed length control field 210310s1958 SP ad gr 000 0 SPA d
040 ## - CATALOGING SOURCE
Original cataloging agency CO-JMCR
Transcribing agency CO-JMCR
041 1# - LANGUAGE CODE
Language code of text/sound track or separate title spa
Language code of original eng
082 04 - DEWEY DECIMAL CLASSIFICATION NUMBER
Classification number 338.54 /
Item number H631a
Edition number 23
100 1# - MAIN ENTRY--PERSONAL NAME
Personal name J.R. Hicks,
Relator term autor
9 (RLIN) 27832
245 14 - TITLE STATEMENT
Title Una aportación a la teoría del ciclo económico /
Statement of responsibility, etc. J. R. Hicks ; traducción del inglés por, Gregorio Sempere Colomina
250 ## - EDITION STATEMENT
Edition statement Segunda edición
260 ## - PUBLICATION, DISTRIBUTION, ETC.
Place of publication, distribution, etc. Madrid :
Name of publisher, distributor, etc. Aguilar,
Date of publication, distribution, etc. 1958.
300 ## - PHYSICAL DESCRIPTION
Extent 268 páginas :
Other physical details ilustraciones y gráficas en blanco y negro ;
Dimensions 19 cm.
490 0# - SERIES STATEMENT
Series statement Biblioteca de Ciencias Sociales :
-- Economía
501 ## - WITH NOTE
With note Con: notas a pie de página.
505 0# - FORMATTED CONTENTS NOTE
Formatted contents note Antecedentes. -- El ahorro, la inversión y el multiplicador. -- El multiplicador en una economía dinámica. -- Inversión inducida. -- El acelerador, en acción.-I: La posibilidad de equilibrio. -- El acelerador, en acción.-II: Inestabilidad del equilibrio. -- ¿Ciclos libres o limitados?. -- El ciclo en esquema. -- Periodicidad y regularidad. -- Reconsideración de los problemas del "techo". -- El factor monetario. -- La posición del factor monetario.
650 14 - SUBJECT ADDED ENTRY--TOPICAL TERM
Topical term or geographic name entry element El ahorro
9 (RLIN) 27834
650 24 - SUBJECT ADDED ENTRY--TOPICAL TERM
Topical term or geographic name entry element Factor monetario
9 (RLIN) 39654
650 24 - SUBJECT ADDED ENTRY--TOPICAL TERM
Topical term or geographic name entry element Periodicidad y regularidad
9 (RLIN) 39651
700 ## - ADDED ENTRY--PERSONAL NAME
Personal name Sempere Colomina, Gregorio,
Relator term traductor
9 (RLIN) 39652
942 ## - ADDED ENTRY ELEMENTS (KOHA)
Source of classification or shelving scheme Dewey Decimal Classification
Koha item type Books
Existencias
Withdrawn status Lost status Source of classification or shelving scheme Damaged status Not for loan Home library Current library Shelving location Date acquired Source of acquisition Full call number Barcode Date last seen Copy number Price effective from Koha item type
    Dewey Decimal Classification     Biblioteca Pública José María del Castillo y Rada Biblioteca Pública José María del Castillo y Rada General Stacks 04/15/2018 Donación 338.54 / H631a 430005725 05/16/2024 Ej.1 03/10/2021 Books